Effect of different organic fertilizer on lettuce in royal university of agriculture,(ឥទ្ធិពលនៃជីសរីរាង្គផ្សេងៗគ្នាលើដំណាំសាលាដ នៅសាកលវិទ្យាល័យភូមិន្ទកសិកម្ម) (Record no. 1070)
[ view plain ]
| 000 -LEADER | |
|---|---|
| fixed length control field | 00661nam a22001577a 4500 |
| 003 - CONTROL NUMBER IDENTIFIER | |
| control field | OSt |
| 005 - DATE AND TIME OF LATEST TRANSACTION | |
| control field | 20150922143922.0 |
| 008 - FIXED-LENGTH DATA ELEMENTS--GENERAL INFORMATION | |
| fixed length control field | 150922b xxu||||| |||| 00| 0 eng d |
| 040 ## - CATALOGING SOURCE | |
| Transcribing agency | RUA |
| 082 ## - DEWEY DECIMAL CLASSIFICATION NUMBER | |
| Classification number | AGR KHO 2007 B035 Or.1 |
| 100 ## - MAIN ENTRY--PERSONAL NAME | |
| 9 (RLIN) | 1118 |
| Personal name | KHON THIRA |
| 245 ## - TITLE STATEMENT | |
| Title | Effect of different organic fertilizer on lettuce in royal university of agriculture,(ឥទ្ធិពលនៃជីសរីរាង្គផ្សេងៗគ្នាលើដំណាំសាលាដ នៅសាកលវិទ្យាល័យភូមិន្ទកសិកម្ម) |
| 260 ## - PUBLICATION, DISTRIBUTION, ETC. (IMPRINT) | |
| Place of publication, distribution, etc. | phnom penh |
| Name of publisher, distributor, etc. | RUA |
| Date of publication, distribution, etc. | 2007 |
| 300 ## - PHYSICAL DESCRIPTION | |
| Extent | XI,55P. |
| Dimensions | ILL. |
| Size of unit | 29CM. |
| 942 ## - ADDED ENTRY ELEMENTS (KOHA) | |
| Source of classification or shelving scheme | |
| Koha item type | AGR |
| Price effective from | Date last seen | Permanent Location | Not for loan | Date acquired | Source of classification or shelving scheme | Koha item type | Lost status | Withdrawn status | Date last checked out | Total Checkouts | Shelving location | Damaged status | Barcode | Current Location | Full call number |
|---|---|---|---|---|---|---|---|---|---|---|---|---|---|---|---|
| 2015-09-22 | 2024-12-30 | Library Block B | 2015-09-22 | AGR | 2024-11-28 | 2 | B035 | rua002500 | Library Block B | AGR KHO 2007 B035 Or.1 | |||||
| 2018-12-19 | 2022-03-16 | Library Block B | 2018-12-19 | AGR | 2022-03-02 | 1 | B1.194 | A41203 | Library Block B | AGR KHO 2007 B1.194 Or.1 | |||||
| 2018-12-21 | 2018-12-21 | Library Block B | 2018-12-21 | AGR | B1.194 | A41201 | Library Block B | AGR KHO 2007 B1.194 Or.1 | |||||||
| 2019-01-22 | 2020-12-28 | Library Block B | 2019-01-22 | AGR | 2020-12-16 | 1 | B1.214 | A40328 | Library Block B | AGR KHO 2007 B1,214 Or.1 | |||||
| 2019-01-22 | 2019-01-22 | Library Block B | 2019-01-22 | AGR | B1.214 | A41281 | Library Block B | AGR KHO 2007 B1.214 Or.1 |